000 01055nam a22003617a 4500
001 BR0603802
003 BR-BrBNA
005 20230928102240.0
007 ta
008 230509b bl.||||| |||| 00| 0 por d
040 _aBR-BrBNA
_bpor
_cBiblioteca Nacional de Agricultura
041 _a(Por)
072 _aP40
090 _ P40 BR0603802
100 1 _aSouza Filho, F. de A.
100 1 _aMoura, A.D.(orgs.)
110 1 _aBanco do Nordeste do Brasil, Fortaleza, CE (Brasil)
_91130
110 1 _aFundação Cearense de Meteorologia e Recursos Hídricos, Fortaleza, CE (Brasil)
245 1 _aMemórias do seminário natureza e sociedade nos semi-áridos
260 3 _aFortaleza, CE (Brasil):
_c2006.
300 _a332 p.
650 _aCLIMA
650 _aFISIOGRAFIA
650 _aZONA CLIMÁTICA
650 _aRECURSO HÍDRICO
650 _aÁGUA
650 _aBIOCLIMATOLOGIA
650 _aDESENVOLVIMENTO SUSTENTÁVEL
650 _aSECA
650 _aSOCIOLOGIA RURAL
909 _a202309
_bLucia
_c55
_dLucia Elande
942 _cBK
999 _c69842
_d69842